logo

Bir Sreshtho Munshi Abdur Rouf Library
Jhenaidah Cadet College

তারা-পরিচিতি / (Record no. 4771)

MARC details
000 -LEADER
fixed length control field 00764nam a2200217 a 4500
001 - CONTROL NUMBER
JCCL Control Number 4771
003 - CONTROL NUMBER IDENTIFIER
JCCL marc code BD-JhCC
005 - DATE AND TIME OF LATEST TRANSACTION
control field 20171203185101.0
008 - FIXED-LENGTH DATA ELEMENTS--GENERAL INFORMATION
fixed length control field 171203s2007 b b|||| |||| 001 0 b d
035 ## - SYSTEM CONTROL NUMBER
system control number (BD-JhCC)
040 ## - CATALOGING SOURCE
Original cataloging agency BD-JhCC
Modifying agency BD-JhCC
041 ## - LANGUAGE CODE
Language code of Book ben
082 ## - DEWEY DECIMAL CLASSIFICATION NUMBER
Classification number 520
Author mark and Year JUB 2007
100 ## - MAIN ENTRY--PERSONAL NAME
Personal name জব্বার, আবদুল মোহান্মদ
245 ## - TITLE STATEMENT
Title তারা-পরিচিতি /
Statement of responsibility, etc মোহান্মদ আবদুল জব্বার
260 ## - PUBLICATION, DISTRIBUTION, ETC. (IMPRINT)
Place of publication, distribution, etc ঢাকা :
Name of publisher, distributor, etc বাংলাদেশ অ্যাস্ট্রোনমিক্যাল এসোসিয়েশন,
Date of publication, distribution, etc ২০০৭
300 ## - PHYSICAL DESCRIPTION
Pagination 199p. :
Other physical details ill. ;
Dimensions 25cm.
650 ## - SUBJECT ADDED ENTRY--TOPICAL TERM
Topical term or geographic name as entry element Astronomy and allied science
942 ## - ADDED ENTRY ELEMENTS (KOHA)
Source of classification or shelving scheme Dewey Decimal Classification
Koha item type Books
Holdings
Source of classification or shelving scheme Damaged status Not for loan Home library Current library Shelving location Date of accession Cost, normal purchase price Total Checkouts Full call number Barcode Date last seen Copy number Koha item type
Dewey Decimal Classification     JCC Rouf Library JCC Rouf Library General Stacks 12/03/2017 300.00   520 JUB 2007 6635 12/03/2017 C - 1 Books

JCC Library | Contacts | JCC Home

Last Update on 23 September 2017
Copyright @ 2017-2020 JCC Rouf Library
Rouf Library, Jhenidah Cadet College (JCC), Bangladesh